[Event "España ch sub-18 2007"]
[Site "Granada ESP"]
[Date "2007.08.01"]
[Round "6.22"]
[White "Martin Alvarez, Iñigo"]
[Black "Martinez Salas, Imanol"]
[Result "1-0"]
[WhiteElo "2154"]
[BlackElo "1981"]
[PlyCount "121"]
[EventDate "2007.07.29"]
[EventType "swiss"]
[EventRounds "9"]
[EventCountry "ESP"]
[Source "lmi"]
[SourceDate "2007.07.29"]

1. e4 e6 2. d4 d5 3. Nc3 dxe4 4. Nxe4 Nd7 5. Nf3 Ngf6 6. Nxf6+ Nxf6 7. Bg5 Be7
8. Bd3 c5 9. dxc5 Qa5+ 10. c3 Qxc5 11. Qe2 Bd7 12. O-O Bc6 13. Ne5 O-O 14. Rfe1
Rad8 15. Rad1 Nd5 16. Nxc6 bxc6 17. Bc1 Nf6 18. Qf3 Qb6 19. Qh3 Bc5 20. Qh4 Rd5
21. b4 Be7 22. Bxh7+ Nxh7 23. Qxe7 Nf6 24. Be3 Qd8 25. Qxd8 Rfxd8 26. Rxd5 Nxd5
27. Rd1 Ra8 28. Bd2 Nb6 29. Kf1 Kf8 30. Be3 Nd5 31. Bc5+ Ke8 32. c4 Nb6 33.
Bxb6 axb6 34. Rd6 Rc8 35. a4 Ke7 36. c5 bxc5 37. bxc5 Ra8 38. Rxc6 Rxa4 39.
Rc7+ Kf6 40. Ke2 Rc4 41. Kd3 Rc1 42. h4 Rf1 43. c6 Rc1 44. Kd4 Rc2 45. Kd3 Rc1
46. h5 Rc5 47. g4 e5 48. f3 Rc1 49. Ke4 Rc4+ 50. Kd5 Rc2 51. Rd7 Rd2+ 52. Kc5
Rc2+ 53. Kb6 Ke6 54. Rd3 Rc1 55. Rb3 Kd6 56. Rd3+ Ke6 57. c7 Rb1+ 58. Ka7 Rc1
59. Kb7 Rb1+ 60. Kc8 Ke7 61. g5 1-0

[Event "España ch sub-18 2007"]
[Site "Granada ESP"]
[Date "2007.08.01"]
[Round "6.23"]
[White "Castellano Egea, Einar"]
[Black "Sanchez Ibern, Eric"]
[Result "1/2-1/2"]
[WhiteElo "2119"]
[BlackElo "1976"]
[PlyCount "44"]
[EventDate "2007.07.29"]
[EventType "swiss"]
[EventRounds "9"]
[EventCountry "ESP"]
[Source "lmi"]
[SourceDate "2007.07.29"]

1. e4 c5 2. Nf3 d6 3. c3 Nf6 4. h3 Nc6 5. Bd3 e5 6. O-O g6 7. Bc2 Bg7 8. d4 O-O
9. dxc5 dxc5 10. a4 h6 11. Na3 Be6 12. Qxd8 Raxd8 13. Be3 b6 14. Rfd1 a6 15.
Nd2 Rb8 16. Bd3 Bc8 17. Be2 Rd8 18. f3 Bf8 19. Nb3 Rxd1+ 20. Rxd1 Be6 21. Nd2
Bc8 22. Ndc4 Be6 1/2-1/2

[Event "España ch sub-18 2007"]
[Site "Granada ESP"]
[Date "2007.08.01"]
[Round "6.24"]
[White "Gallardo De La Torre, Yasmina"]
[Black "Jordan Martinez, David"]
[Result "1/2-1/2"]
[WhiteElo "1975"]
[BlackElo "2104"]
[PlyCount "106"]
[EventDate "2007.07.29"]
[EventType "swiss"]
[EventRounds "9"]
[EventCountry "ESP"]
[Source "lmi"]
[SourceDate "2007.07.29"]

1. e4 c5 2. d3 Nc6 3. g3 Nf6 4. Bg2 d5 5. Nd2 g6 6. Ne2 Bg7 7. O-O e5 8. h3 O-O
9. Kh2 dxe4 10. Nxe4 Nxe4 11. dxe4 Be6 12. Nc3 Rc8 13. Nd5 Ne7 14. Be3 Bxd5 15.
exd5 Nf5 16. Qe2 Nd6 17. Rad1 b6 18. b3 Qd7 19. Qd2 Rfd8 20. Bh6 Qe7 21. Bxg7
Kxg7 22. h4 f5 23. Qg5 Qf6 24. Qxf6+ Kxf6 25. Bf3 h5 26. Be2 Rc7 27. f3 Rh7 28.
c4 a6 29. Kg2 a5 30. a4 Rg8 31. f4 exf4 32. Rxf4 Re7 33. Bd3 Rge8 34. Kf2 Re3
35. Rf3 R3e5 36. Rd2 R8e7 37. Kg2 Kf7 38. Rff2 Kf6 39. Rfe2 Nf7 40. Rxe5 Nxe5
41. Be2 Nf7 42. Bf3 Re3 43. Bd1 Nd6 44. Bc2 Re1 45. Kf2 Re5 46. Re2 Rxe2+ 47.
Kxe2 Ke5 48. Ke3 Ne8 49. Bd1 Nd6 50. Bf3 Nf7 51. Bd1 Nh6 52. Bf3 Ng8 53. Bd1
Nf6 1/2-1/2

[Event "España ch sub-18 2007"]
[Site "Granada ESP"]
[Date "2007.08.01"]
[Round "6.24"]
[White "Guadamuro Torrente, Anabel"]
[Black "Galvan Ruiz, Mario"]
[Result "1-0"]
[WhiteElo "2095"]
[BlackElo "1933"]
[PlyCount "39"]
[EventDate "2007.07.29"]
[EventType "swiss"]
[EventRounds "9"]
[EventCountry "ESP"]
[Source "lmi"]
[SourceDate "2007.07.29"]

1. e4 e6 2. Nf3 d5 3. Nc3 Nf6 4. e5 Nfd7 5. d4 c5 6. dxc5 Nc6 7. Bf4 Nxc5 8.
Bb5 a6 9. Bxc6+ bxc6 10. O-O Be7 11. Nd4 Qc7 12. Qg4 g5 13. Bd2 Nd7 14. Qh5
Nxe5 15. Bxg5 Bxg5 16. Qxg5 c5 17. Qg7 Ng6 18. Nxd5 exd5 19. Rae1+ Kd8 20. Qf6+
1-0

[Event "España ch sub-18 2007"]
[Site "Granada ESP"]
[Date "2007.08.01"]
[Round "6.25"]
[White "Lluis Alabedra, Alvar"]
[Black "Martinez Rodriguez, Pablo"]
[Result "0-1"]
[WhiteElo "2096"]
[BlackElo "1942"]
[PlyCount "62"]
[EventDate "2007.07.29"]
[EventType "swiss"]
[EventRounds "9"]
[EventCountry "ESP"]
[Source "lmi"]
[SourceDate "2007.07.29"]

1. e4 e5 2. Nf3 Nc6 3. Bb5 a6 4. Ba4 Nf6 5. O-O b5 6. Bb3 Be7 7. Re1 O-O 8. c3
d5 9. exd5 Nxd5 10. d4 exd4 11. Nxd4 Nxd4 12. Qxd4 Be6 13. a4 Re8 14. axb5 axb5
15. Rxa8 Qxa8 16. Na3 c5 17. Qe4 b4 18. cxb4 cxb4 19. Nc2 Nc7 20. Bxe6 Nxe6 21.
Nxb4 Qxe4 22. Rxe4 Bxb4 23. Rxb4 Rd8 24. Kf1 Rd1+ 25. Ke2 Rxc1 26. Rb8+ Nf8 27.
Kd2 Rf1 28. b4 g6 29. b5 Kg7 30. b6 Rb1 31. Kc3 Nd7 0-1

[Event "España ch sub-18 2007"]
[Site "Granada ESP"]
[Date "2007.08.01"]
[Round "6.27"]
[White "Rodriguez Perez, Angel Mariano"]
[Black "Pardo Simon, David"]
[Result "1/2-1/2"]
[WhiteElo "1929"]
[BlackElo "2080"]
[PlyCount "143"]
[EventDate "2007.07.29"]
[EventType "swiss"]
[EventRounds "9"]
[EventCountry "ESP"]
[Source "lmi"]
[SourceDate "2007.07.29"]

1. e4 e5 2. Nf3 Nc6 3. d4 exd4 4. Nxd4 Bb4+ 5. c3 Bc5 6. Be3 Bb6 7. Nxc6 bxc6
8. Bxb6 axb6 9. Bc4 Ne7 10. O-O O-O 11. Nd2 d5 12. exd5 cxd5 13. Bb3 Qd6 14.
Nf3 Bb7 15. Re1 Ng6 16. Qd2 Rfd8 17. Rad1 c5 18. a3 h6 19. Bc2 Qf6 20. Bxg6
Qxg6 21. Re7 Bc8 22. Qf4 Be6 23. Ne5 Qe4 24. Qe3 Qh4 25. Rb7 Rd6 26. Qg3 Qxg3
27. hxg3 Rad8 28. f4 f6 29. Nf3 R8d7 30. Rxd7 Rxd7 31. Kf2 Kf7 32. b4 Ra7 33.
bxc5 bxc5 34. f5 Bxf5 35. Rxd5 Be6 36. Rxc5 Rxa3 37. Rc7+ Kg6 38. Nh4+ Kh7 39.
Re7 Bg4 40. Re3 Ra2+ 41. Kg1 Rc2 42. Kh2 Kg8 43. Nf3 Kf8 44. Nh4 Bd7 45. Nf3
Bc6 46. Kg1 Bb7 47. Kh2 Kf7 48. Kg1 g5 49. Ne1 Rc1 50. Kh2 f5 51. Nf3 Kf6 52.
Nd4 Be4 53. Nf3 Rc2 54. Ne1 Ra2 55. Kg1 Ke5 56. Nd3+ Kd6 57. Nf2 Kd5 58. Nxe4
fxe4 59. Kf1 Rc2 60. Kg1 Rd2 61. Kf1 h5 62. Kg1 Rd3 63. Kf2 Rd1 64. Re1 Rd2+
65. Re2 Rd3 66. Re3 Rd1 67. Re1 Rxe1 68. Kxe1 Kc4 69. Ke2 Kxc3 70. Ke3 g4 71.
Kxe4 Kd2 72. Kf4 1/2-1/2

[Event "España ch sub-18 2007"]
[Site "Granada ESP"]
[Date "2007.08.01"]
[Round "6.28"]
[White "Velandrino Gomez, Maria Cielo"]
[Black "Damaso Tacoronte, Carolina"]
[Result "1/2-1/2"]
[WhiteElo "2028"]
[BlackElo "1930"]
[PlyCount "37"]
[EventDate "2007.07.29"]
[EventType "swiss"]
[EventRounds "9"]
[EventCountry "ESP"]
[Source "lmi"]
[SourceDate "2007.07.29"]

1. d4 Nf6 2. Bg5 e6 3. e3 b6 4. Nf3 Bb7 5. Bd3 Be7 6. Nbd2 d6 7. Qe2 Nbd7 8. a4
h6 9. Bxf6 Nxf6 10. O-O O-O 11. c3 c5 12. Rfe1 Qc7 13. e4 Rfe8 14. Nf1 Rac8 15.
Ng3 Nh7 16. Nd2 Bg5 17. Nf3 Be7 18. Nd2 Bg5 19. Nf3 1/2-1/2

[Event "España ch sub-18 2007"]
[Site "Granada ESP"]
[Date "2007.08.01"]
[Round "6.29"]
[White "Salido Polo, Veronica"]
[Black "Romero Lopez, Marta"]
[Result "0-1"]
[WhiteElo "1753"]
[BlackElo "2004"]
[PlyCount "112"]
[EventDate "2007.07.29"]
[EventType "swiss"]
[EventRounds "9"]
[EventCountry "ESP"]
[Source "lmi"]
[SourceDate "2007.07.29"]

1. e4 d5 2. exd5 Qxd5 3. Nc3 Qa5 4. d4 Nf6 5. Nf3 Bg4 6. Bd2 c6 7. Bc4 Qc7 8.
O-O e6 9. Qe2 Nbd7 10. a4 Nb6 11. Bb3 O-O-O 12. a5 Nbd5 13. Nxd5 exd5 14. a6 b6
15. Qd3 Bd6 16. h3 Bh5 17. c4 Bg6 18. Qc3 Ne4 19. Qc1 Nxd2 20. Qxd2 Bf4 21. Qc3
dxc4 22. Bxc4 f6 23. Rfe1 Rhe8 24. Be6+ Kb8 25. Rad1 Rd6 26. Bb3 Rxe1+ 27. Rxe1
Qc8 28. Re7 Qxa6 29. Rxg7 Qa1+ 30. Ne1 Qc1 31. Rg8+ Kc7 32. Rg7+ Rd7 33. Rxd7+
Kxd7 34. Kf1 Bd2 35. Qxc1 Bxc1 36. Bc2 Bxb2 37. Bxg6 hxg6 38. Nc2 a5 39. Ke2 b5
40. Kd3 Kd6 41. g4 Bc1 42. Kc3 Kd5 43. h4 Ke4 44. Ne3 Ba3 45. h5 gxh5 46. gxh5
Bb4+ 47. Kb3 f5 48. h6 Bf8 49. h7 Bg7 50. Ng2 Kxd4 51. Nh4 Ke5 52. h8=Q Bxh8
53. Ng6+ Kf6 54. Nxh8 Kg7 55. Kc3 Kxh8 56. Kd4 a4 0-1

[Event "España ch sub-18 2007"]
[Site "Granada ESP"]
[Date "2007.08.01"]
[Round "6.30"]
[White "De Nacimiento Montaño, Angel"]
[Black "Ordoñez Torres, Jesus"]
[Result "1-0"]
[WhiteElo "1999"]
[BlackElo "1906"]
[PlyCount "41"]
[EventDate "2007.07.29"]
[EventType "swiss"]
[EventRounds "9"]
[EventCountry "ESP"]
[Source "lmi"]
[SourceDate "2007.07.29"]

1. e4 c6 2. d4 d5 3. exd5 cxd5 4. c4 Nf6 5. Nf3 e6 6. Bd3 dxc4 7. Bxc4 Qc7 8.
Bb3 Bd7 9. O-O Bd6 10. Nc3 Bc6 11. Bg5 Nbd7 12. d5 exd5 13. Re1+ Kf8 14. Nxd5
Bxd5 15. Bxd5 Nxd5 16. Qxd5 Nb6 17. Qe4 f6 18. Bh4 Qf7 19. Rad1 Be7 20. Nd4 Re8
21. Ne6+ 1-0

[Event "España ch sub-18 2007"]
[Site "Granada ESP"]
[Date "2007.08.02"]
[Round "7.1"]
[White "Vila Gazquez, Xavier"]
[Black "Valmaña Canto, Jaime"]
[Result "0-1"]
[WhiteElo "2429"]
[BlackElo "2346"]
[PlyCount "142"]
[EventDate "2007.07.29"]
[EventType "swiss"]
[EventRounds "9"]
[EventCountry "ESP"]
[Source "lmi"]
[SourceDate "2007.07.29"]

1. e4 e6 2. Nc3 d5 3. d4 Bb4 4. e5 c5 5. a3 Bxc3+ 6. bxc3 Ne7 7. Nf3 Nbc6 8. a4
Qa5 9. Bd2 Bd7 10. Qb1 c4 11. Ng5 f6 12. exf6 gxf6 13. Nf3 O-O-O 14. g3 Nf5 15.
Qb5 Qc7 16. Qb2 h5 17. Be2 Rdg8 18. Rg1 Re8 19. Kd1 e5 20. Re1 Nd6 21. Be3 Qa5
22. Ra3 Bg4 23. Ng1 Rh7 24. h3 Bd7 25. h4 Bg4 26. Bxg4+ hxg4 27. Ne2 Rhe7 28.
Rf1 Qc7 29. Qc1 Nf5 30. Qd2 Qd6 31. Qc1 Qe6 32. Qd2 Nd6 33. Kc1 Ne4 34. Qd1 Qd6
35. Kb2 Re6 36. Ka2 Ne7 37. Qb1 Qd8 38. dxe5 fxe5 39. Bxa7 Nd2 40. Qd1 Nxf1 41.
Qxf1 Nc6 42. Bc5 Qa5 43. Be3 Rd6 44. Qd1 Qd8 45. Bg5 Qd7 46. a5 d4 47. cxd4
exd4 48. Nc1 Qf5 49. Ra4 Rd5 50. a6 Ra5 51. c3 d3 52. a7 Nxa7 53. Ka1 Ree5 54.
Na2 Rxa4 55. Qxa4 Re1+ 56. Nc1 Nc6 57. Qxc4 Qa5+ 58. Kb2 Qb6+ 59. Nb3 Qxf2+ 60.
Bd2 Re8 61. Qxg4+ Kb8 62. Qg6 Qe2 63. h5 Re5 64. Qd6+ Ka7 65. h6 Rb5 66. Qf4
Qd1 67. Qa4+ Ra5 68. Be3+ Ka8 69. h7 Qc2+ 70. Ka3 Rxa4+ 71. Kxa4 Qa2+ 0-1

[Event "España ch sub-18 2007"]
[Site "Granada ESP"]
[Date "2007.08.02"]
[Round "7.2"]
[White "Llorente Zaro, Alfonso"]
[Black "Remoli Sargues, Francisco"]
[Result "1-0"]
[WhiteElo "2422"]
[BlackElo "2267"]
[PlyCount "133"]
[EventDate "2007.07.29"]
[EventType "swiss"]
[EventRounds "9"]
[EventCountry "ESP"]
[Source "lmi"]
[SourceDate "2007.07.29"]

1. Nf3 Nf6 2. c4 e6 3. g3 b6 4. Bg2 Bb7 5. O-O Be7 6. d4 c6 7. Nc3 d5 8. Bf4
O-O 9. Rc1 Nbd7 10. cxd5 exd5 11. Re1 Re8 12. Ne5 Nxe5 13. dxe5 Nd7 14. e4 d4
15. e6 fxe6 16. Qxd4 Bc5 17. Qd2 e5 18. Bg5 Nf6 19. Qc2 Qe7 20. Rcd1 Rad8 21.
Be3 Rxd1 22. Nxd1 Bd4 23. Bxd4 exd4 24. Qc4+ Qe6 25. Qxd4 Qxa2 26. Qd2 Qe6 27.
Nc3 c5 28. f4 Qe7 29. Qe2 Rd8 30. e5 Ne8 31. Bxb7 Qxb7 32. Rd1 Rxd1+ 33. Qxd1
Kf8 34. Qd3 g6 35. Ne4 Qc6 36. Qc4 Nc7 37. b4 Qd5 38. Qxd5 Nxd5 39. bxc5 a5 40.
cxb6 Nxb6 41. Kf2 a4 42. Nc3 a3 43. Na2 Nd5 44. Kf3 Kf7 45. Ke4 Ke6 46. g4 Ne7
47. Nc3 h5 48. h3 hxg4 49. hxg4 Kd7 50. f5 gxf5+ 51. gxf5 Nc6 52. e6+ Ke7 53.
Kd5 Nb4+ 54. Ke5 Nc6+ 55. Kf4 Nd4 56. Nd5+ Kd6 57. e7 Kd7 58. f6 a2 59. f7 Ne6+
60. Kf5 Ng7+ 61. Kg6 a1=Q 62. f8=Q Ne8 63. Nb6+ Ke6 64. Qf5+ Kd6 65. Qd7+ Ke5
66. Nc4+ Ke4 67. Qf5+ 1-0

[Event "España ch sub-18 2007"]
[Site "Granada ESP"]
[Date "2007.08.02"]
[Round "7.3"]
[White "Mestre Bellido, Hector"]
[Black "Huerga Leache, Mikel"]
[Result "0-1"]
[WhiteElo "2269"]
[BlackElo "2370"]
[PlyCount "54"]
[EventDate "2007.07.29"]
[EventType "swiss"]
[EventRounds "9"]
[EventCountry "ESP"]
[Source "lmi"]
[SourceDate "2007.07.29"]

1. e4 e6 2. d4 d5 3. Nd2 h6 4. c3 c5 5. dxc5 Bxc5 6. Nb3 Bb6 7. exd5 exd5 8.
Nf3 Nf6 9. Bb5+ Nc6 10. Qe2+ Ne4 11. Nfd4 O-O 12. O-O Nxd4 13. Nxd4 Bxd4 14.
cxd4 Bf5 15. Bf4 Qb6 16. Rfd1 a6 17. Ba4 Rac8 18. Bb3 Rfe8 19. Qh5 Bg6 20. Qh3
Qb5 21. Rac1 Rxc1 22. Rxc1 Qe2 23. Be3 Qxb2 24. Rc8 Qb1+ 25. Bc1 Kh7 26. Rc7
Re7 27. Qc8 Nd6 0-1

[Event "España ch sub-18 2007"]
[Site "Granada ESP"]
[Date "2007.08.02"]
[Round "7.4"]
[White "Aloma Vidal, Robert"]
[Black "Ribes Peris, Alvaro"]
[Result "1-0"]
[WhiteElo "2341"]
[BlackElo "2135"]
[PlyCount "103"]
[EventDate "2007.07.29"]
[EventType "swiss"]
[EventRounds "9"]
[EventCountry "ESP"]
[Source "lmi"]
[SourceDate "2007.07.29"]

1. d4 d5 2. Nf3 Nc6 3. g3 Bf5 4. Bg2 Nb4 5. Na3 e6 6. O-O c5 7. c4 Nf6 8. Bg5
Be4 9. cxd5 exd5 10. dxc5 Bxc5 11. Rc1 b6 12. Nb5 Nc6 13. a3 Rc8 14. b4 a6 15.
bxc5 axb5 16. Qb3 bxc5 17. Rxc5 Nd4 18. Rxc8 Nxb3 19. Rxd8+ Kxd8 20. Rd1 Ke7
21. Nh4 Ke6 22. Bh3+ Kd6 23. f3 Bc2 24. Nf5+ Bxf5 25. Bxf5 Ra8 26. Bxf6 gxf6
27. Be4 Rxa3 28. Rxd5+ Ke6 29. Rxb5 Nc1 30. Kf2 Kd6 31. Rb1 Na2 32. Ra1 Ra4 33.
Bxh7 Nc3 34. Rxa4 Nxa4 35. h4 Ke7 36. h5 Kf8 37. h6 Nc5 38. Bf5 Nb7 39. Ke3 Nd6
40. Bd3 Kg8 41. Kd4 Nb7 42. Kd5 Kf8 43. Kc6 Nd8+ 44. Kd7 Ne6 45. Kd6 Nd4 46. f4
Ne6 47. Bc4 Nd4 48. Bd3 Ne6 49. h7 Kg7 50. Ke7 Kh8 51. Kxf7 Nd4 52. Kxf6 1-0

[Event "España ch sub-18 2007"]
[Site "Granada ESP"]
[Date "2007.08.02"]
[Round "7.5"]
[White "Hernandez Leon, Alberto"]
[Black "Rodriguez Perez, David Antonio"]
[Result "1/2-1/2"]
[WhiteElo "2275"]
[BlackElo "2018"]
[PlyCount "38"]
[EventDate "2007.07.29"]
[EventType "swiss"]
[EventRounds "9"]
[EventCountry "ESP"]
[Source "lmi"]
[SourceDate "2007.07.29"]

1. e4 c5 2. Ne2 e5 3. g3 d5 4. Bg2 Nf6 5. exd5 Nxd5 6. O-O Be7 7. Nec3 Be6 8.
Re1 Nc6 9. Nxd5 Bxd5 10. Nc3 Bxg2 11. Kxg2 O-O 12. d3 f5 13. f4 exf4 14. Bxf4
Nd4 15. Be5 Bf6 16. Bxd4 Bxd4 17. Qf3 Bxc3 18. bxc3 f4 19. g4 Qf6 1/2-1/2

[Event "España ch sub-18 2007"]
[Site "Granada ESP"]
[Date "2007.08.02"]
[Round "7.6"]
[White "Camacho Collados, Marcos"]
[Black "Rubio Mejia, Luis Ignacio"]
[Result "1-0"]
[WhiteElo "2239"]
[BlackElo "2270"]
[PlyCount "99"]
[EventDate "2007.07.29"]
[EventType "swiss"]
[EventRounds "9"]
[EventCountry "ESP"]
[Source "lmi"]
[SourceDate "2007.07.29"]

1. e4 c5 2. Nf3 e6 3. d4 cxd4 4. Nxd4 Nf6 5. Nc3 Nc6 6. Nxc6 bxc6 7. Bd3 d5 8.
O-O Be7 9. e5 Nd7 10. f4 Rb8 11. Ne2 g6 12. c3 Ba6 13. Kh1 Bxd3 14. Qxd3 a5 15.
Rb1 O-O 16. Nd4 Qc7 17. Qg3 c5 18. Nf3 f5 19. h4 Kh8 20. Be3 Rg8 21. Qh3 h5 22.
Qg3 Kg7 23. Rfc1 c4 24. Qf2 Rb7 25. Rd1 Kf7 26. Rd2 Rgb8 27. Rbd1 Qc6 28. Qg3
Nc5 29. Bxc5 Qxc5 30. Nd4 Rxb2 31. Rxb2 Rxb2 32. Nxe6 Qf2 33. Ng5+ Bxg5 34.
Qxg5 Re2 35. Qf6+ Ke8 36. Qxg6+ Ke7 37. Qd6+ Ke8 38. Qe6+ Kf8 39. Qxf5+ Ke7 40.
Qf6+ Ke8 41. Qh8+ Ke7 42. Qh7+ Kf8 43. Qf5+ Ke7 44. Qg5+ Kf8 45. Kh2 Re1 46.
Rxe1 Qxe1 47. Qf6+ Kg8 48. e6 d4 49. e7 d3 50. Qg6+ 1-0

[Event "España ch sub-18 2007"]
[Site "Granada ESP"]
[Date "2007.08.02"]
[Round "7.7"]
[White "Lopez Quevedo, Angel Carlos"]
[Black "Lariño Nieto, David"]
[Result "0-1"]
[WhiteElo "2148"]
[BlackElo "2435"]
[PlyCount "142"]
[EventDate "2007.07.29"]
[EventType "swiss"]
[EventRounds "9"]
[EventCountry "ESP"]
[Source "lmi"]
[SourceDate "2007.07.29"]

1. d4 Nf6 2. c4 g6 3. Nc3 d5 4. cxd5 Nxd5 5. e4 Nxc3 6. bxc3 c5 7. Bc4 Bg7 8.
Ne2 Nc6 9. Be3 O-O 10. O-O Qc7 11. Rc1 Rd8 12. Bf4 Be5 13. Bxe5 Nxe5 14. Bd3
Bg4 15. f3 Be6 16. d5 Qa5 17. c4 Bd7 18. f4 Ba4 19. Bc2 Nxc4 20. Bxa4 Nb2 21.
Qb3 Nxa4 22. Qxb7 Rab8 23. Qxe7 Re8 24. Qd6 Rb2 25. Rf2 Qb5 26. Qc6 Rxe4 27.
Qxb5 Rxb5 28. d6 Rb7 29. Nc3 Rc4 30. Rfc2 Rd7 31. Nxa4 Rxa4 32. Rxc5 Rxd6 33.
R1c2 Rxf4 34. g3 Ra4 35. Rb5 Rda6 36. Rbb2 Kg7 37. Kg2 Ra3 38. Rf2 f5 39. Rfe2
Kf6 40. Rbc2 R3a5 41. Rcd2 g5 42. Kf3 Ra3+ 43. Kf2 g4 44. Kg2 h5 45. Rf2 R6a5
46. Rd8 Rxa2 47. Rf8+ Ke6 48. R8xf5 Rxf5 49. Rxa2 a5 50. h3 Kd6 51. hxg4 hxg4
52. Ra4 Rg5 53. Kf2 Kc6 54. Ke3 Kb5 55. Ra1 Rf5 56. Rb1+ Kc4 57. Ke4 Rf3 58.
Ra1 Kb4 59. Rb1+ Rb3 60. Rg1 Kc3 61. Kf5 Rb4 62. Re1 a4 63. Re3+ Kd2 64. Ra3
Kc2 65. Re3 Rc4 66. Re2+ Kb3 67. Re1 a3 68. Re2 a2 69. Re1 Kb2 70. Re2+ Kb1 71.
Re1+ Rc1 0-1

[Event "España ch sub-18 2007"]
[Site "Granada ESP"]
[Date "2007.08.02"]
[Round "7.8"]
[White "Trigo Urquijo, Sergio"]
[Black "Vallejo Diaz, Javier"]
[Result "1/2-1/2"]
[WhiteElo "2145"]
[BlackElo "2319"]
[PlyCount "107"]
[EventDate "2007.07.29"]
[EventType "swiss"]
[EventRounds "9"]
[EventCountry "ESP"]
[Source "lmi"]
[SourceDate "2007.07.29"]

1. e4 c5 2. Nc3 Nc6 3. g3 g6 4. Bg2 Bg7 5. d3 d6 6. f4 e6 7. Nf3 Nge7 8. O-O
O-O 9. Be3 Nd4 10. e5 Nef5 11. Bf2 Nxf3+ 12. Qxf3 Nd4 13. Qd1 d5 14. b4 f6 15.
Na4 fxe5 16. c3 Nf5 17. Bxc5 Rf7 18. fxe5 Bxe5 19. Qe1 Bg7 20. g4 Nh6 21. h3
Bd7 22. Nb2 Rxf1+ 23. Bxf1 e5 24. Bg2 Bc6 25. a4 b6 26. Bf2 Qd7 27. a5 b5 28.
Rc1 Rf8 29. Rc2 Nf7 30. Bg3 d4 31. Bh4 Bxg2 32. Kxg2 dxc3 33. Qxc3 e4 34. Bf6
Bxf6 35. Qxf6 exd3 36. Rd2 Qd5+ 37. Qf3 Qxf3+ 38. Kxf3 Ng5+ 39. Ke3 Rf3+ 40.
Kd4 Rf4+ 41. Kd5 Rxb4 42. Nxd3 Ra4 43. Rc2 Rxa5 44. Rc8+ Kg7 45. Rc7+ Nf7 46.
Nc5 Kf6 47. Ne4+ Kg7 48. Nd6 b4+ 49. Kc4 Ra3 50. Rxf7+ Kg8 51. Kxb4 Rxh3 52.
Rf4 Rh4 53. Rc4 Kf8 54. Re4 1/2-1/2

[Event "España ch sub-18 2007"]
[Site "Granada ESP"]
[Date "2007.08.02"]
[Round "7.9"]
[White "Mejuto De Ulloa, Jorge"]
[Black "Dominguez Pons, Eric"]
[Result "0-1"]
[WhiteElo "2062"]
[BlackElo "2221"]
[PlyCount "100"]
[EventDate "2007.07.29"]
[EventType "swiss"]
[EventRounds "9"]
[EventCountry "ESP"]
[Source "lmi"]
[SourceDate "2007.07.29"]

1. d4 d5 2. Nf3 c6 3. c3 Bf5 4. Bf4 e6 5. e3 Bd6 6. Bg3 Nf6 7. Nbd2 O-O 8. Be2
h6 9. Ne5 c5 10. O-O Nc6 11. f4 Qc7 12. Bf3 b5 13. Qe2 cxd4 14. cxd4 Qb6 15.
Bh4 Bxe5 16. fxe5 Nd7 17. a3 Bg6 18. Kh1 b4 19. Bh5 Kh7 20. a4 Rac8 21. Qg4
Bxh5 22. Qxh5 g6 23. Qg4 Rce8 24. Qh3 Kg7 25. Rf3 g5 26. Qg4 Ndxe5 27. dxe5
Nxe5 28. Qg3 Nxf3 29. Nxf3 Qxe3 30. Re1 Qf4 31. Ne5 Qxh4 32. Qe3 Qf4 33. Qh3 f6
34. Nd3 Qf5 35. Qe3 e5 36. Nxb4 d4 37. Qe2 e4 38. Rf1 d3 39. Qe1 Qc5 40. h3 e3
41. Nxd3 Qc2 42. Nc1 e2 43. Rg1 Qxb2 44. a5 Re3 45. Qf2 Rfe8 46. Re1 Qe5 47. a6
Qe6 48. h4 Qxa6 49. h5 Qe6 50. Kg1 a5 0-1

[Event "España ch sub-18 2007"]
[Site "Granada ESP"]
[Date "2007.08.02"]
[Round "7.10"]
[White "Fernandez Borrego, Pablo"]
[Black "Garcia Blanco, Omar"]
[Result "1-0"]
[WhiteElo "2200"]
[BlackElo "2148"]
[PlyCount "133"]
[EventDate "2007.07.29"]
[EventType "swiss"]
[EventRounds "9"]
[EventCountry "ESP"]
[Source "lmi"]
[SourceDate "2007.07.29"]

1. f4 Nf6 2. Nf3 g6 3. g3 Bg7 4. Bg2 O-O 5. O-O d5 6. d3 b6 7. e3 Bb7 8. Ne5
Nbd7 9. c4 e6 10. Nc3 Qe7 11. Qa4 Rfd8 12. Nc6 Bxc6 13. Qxc6 Nc5 14. d4 Nd3 15.
Bd2 Qd7 16. Qxd7 Rxd7 17. Rab1 c5 18. Ne2 cxd4 19. exd4 Rc8 20. cxd5 Nxd5 21.
Bxd5 Rxd5 22. Bc3 Rb5 23. a3 Nxb2 24. Rfc1 Rb3 25. Rxb2 Rcxc3 26. Rxb3 Rxb3 27.
Rc8+ Bf8 28. a4 Rb1+ 29. Kf2 Ra1 30. Rc4 Kg7 31. Nc1 Rb1 32. Nd3 a5 33. Ne5
Rb2+ 34. Ke3 Bd6 35. Nd3 Rxh2 36. Rc6 Be7 37. Rxb6 Ra2 38. Rb7 Kf6 39. g4 Bd6
40. Rd7 Bb8 41. Rb7 Bd6 42. Rd7 Ba3 43. Ne5 Bc1+ 44. Ke4 Kg7 45. Rxf7+ Kg8 46.
Rc7 Bd2 47. Nd7 Ra3 48. Ke5 Rf3 49. Nf6+ Kf8 50. Nxh7+ Kg8 51. Nf6+ Kf8 52.
Kxe6 Re3+ 53. Kd5 Rf3 54. Ne4 Bxf4 55. Ra7 Be3 56. Rxa5 Rf4 57. Ra8+ Kg7 58.
Ra7+ Kg8 59. a5 Rf8 60. a6 Rd8+ 61. Ke6 Re8+ 62. Re7 Rxe7+ 63. Kxe7 Bxd4 64. g5
Kg7 65. Nd6 Bc5 66. Ke6 Be3 67. Nc8 1-0

[Event "España ch sub-18 2007"]
[Site "Granada ESP"]
[Date "2007.08.02"]
[Round "7.11"]
[White "Alarcia Astiz, Carlos"]
[Black "Tierraseca Montero, Pablo"]
[Result "1-0"]
[WhiteElo "2173"]
[BlackElo "2119"]
[PlyCount "89"]
[EventDate "2007.07.29"]
[EventType "swiss"]
[EventRounds "9"]
[EventCountry "ESP"]
[Source "lmi"]
[SourceDate "2007.07.29"]

1. e4 c5 2. Nf3 d6 3. d4 cxd4 4. Nxd4 Nf6 5. Nc3 a6 6. Be3 e6 7. f3 b5 8. g4 h6
9. Qd2 Nbd7 10. O-O-O Bb7 11. h4 b4 12. Na4 d5 13. Bh3 g5 14. Bg2 gxh4 15. Rxh4
Nxe4 16. fxe4 Qxh4 17. exd5 e5 18. Rh1 Qd8 19. Nc6 Qc7 20. g5 h5 21. Bh3 a5 22.
Bxd7+ Qxd7 23. Nb6 Qc7 24. Nxa8 Bxa8 25. Nxe5 Bd6 26. Nf3 Kd7 27. Nd4 Qc4 28.
b3 Qxd5 29. Rd1 Kc8 30. Qf2 Bb8 31. Nf5 Qe6 32. Bc5 Bc6 33. Re1 Bf4+ 34. Be3
Qxf5 35. Bxf4 Re8 36. Rxe8+ Bxe8 37. Qd4 Qb5 38. Qd6 Kb7 39. Qc7+ Ka6 40. Qc8+
Qb7 41. Qxe8 Qh1+ 42. Kb2 Qd5 43. Qc8+ Kb6 44. Be3+ Kb5 45. Qc7 1-0

[Event "España ch sub-18 2007"]
[Site "Granada ESP"]
[Date "2007.08.02"]
[Round "7.12"]
[White "Sanchez-Alarcos Galian, Victor"]
[Black "Gonzalez Merino, Alberto"]
[Result "0-1"]
[WhiteElo "1958"]
[BlackElo "2172"]
[PlyCount "70"]
[EventDate "2007.07.29"]
[EventType "swiss"]
[EventRounds "9"]
[EventCountry "ESP"]
[Source "lmi"]
[SourceDate "2007.07.29"]

1. e4 e6 2. d4 d5 3. Nc3 Bb4 4. e5 c5 5. a3 Bxc3+ 6. bxc3 Qc7 7. Qg4 f5 8. Qg3
cxd4 9. cxd4 Ne7 10. Ne2 O-O 11. c3 b6 12. Nf4 Qd7 13. a4 Ba6 14. Bb5 Bxb5 15.
axb5 a6 16. h4 Kf7 17. Qd3 Qb7 18. O-O Rc8 19. Ba3 axb5 20. Bxe7 Kxe7 21. Qxb5
Rc6 22. Qb1 Rxa1 23. Qb4+ Kf7 24. Rxa1 Na6 25. Qb3 Nc7 26. Nd3 Rc4 27. Nb2 Rc6
28. Na4 Qa6 29. Ra3 Qe2 30. Ra2 Qd3 31. Ra3 Nb5 32. c4 Qxc4 33. Qxc4 dxc4 34.
Ra1 c3 35. Rb1 c2 0-1

[Event "España ch sub-18 2007"]
[Site "Granada ESP"]
[Date "2007.08.02"]
[Round "7.14"]
[White "Gimenez Martinez, Alberto"]
[Black "Serrano Bozada, Esteban"]
[Result "1-0"]
[WhiteElo "2070"]
[BlackElo "2160"]
[PlyCount "21"]
[EventDate "2007.07.29"]
[EventType "swiss"]
[EventRounds "9"]
[EventCountry "ESP"]
[Source "lmi"]
[SourceDate "2007.07.29"]

1. e4 e5 2. d4 exd4 3. Qxd4 Nc6 4. Qe3 Nf6 5. e5 Ng4 6. Qe4 d5 7. exd6+ Be6 8.
Ba6 Qf6 9. Nf3 O-O-O 10. Qxc6 bxa6 11. Qxc7# 1-0